[Event "38th WCh U20 Girls"]
[Site "Cala Gonone ITA"]
[Date "2022.10.16"]
[Round "6.25"]
[White "Popovic, Mateja"]
[Black "Middleton, Jody"]
[Result "1-0"]
[WhiteElo "1718"]
[BlackElo "1850"]
[EventDate "2022.10.12"]
[PlyCount "63"]

1.d4 d5 2.c4 c6 3.cxd5 cxd5 4.Nf3 Nc6 5.Nc3 Nf6 6.Bf4 Bf5 7.e3 e6 8.Qb3 
Bb4 9.Bb5 Qa5 10.O-O O-O 11.a3 Bxc3 12.bxc3 a6 13.Bxc6 bxc6 14.Rfc1 c5 15.
c4 cxd4 16.Nxd4 dxc4 17.Rxc4 Bg6 18.Bd6 Ne4 19.Nc6 Qd2 20.Bxf8 Qxf2+ 21.
Kh1 Rxf8 22.Ne7+ Kh8 23.Qb4 Qf6 24.Rac1 a5 25.Rc8 Nf2+ 26.Kg1 Nh3+ 27.gxh3
Qg5+ 28.Kf2 Qf6+ 29.Ke1 h5 30.Nxg6+ Kh7 31.Nxf8+ Kh6 32.Qf4+ 1-0

[Event "38th WCh U20 Girls"]
[Site "Cala Gonone ITA"]
[Date "2022.10.16"]
[Round "6.26"]
[White "Levitan, Ronit"]
[Black "Mikic, Ivana"]
[Result "1/2-1/2"]
[WhiteElo "2024"]
[BlackElo "1783"]
[EventDate "2022.10.12"]
[PlyCount "112"]

1.e4 e5 2.Nf3 Nc6 3.Nc3 Nf6 4.Bb5 Bb4 5.O-O O-O 6.d3 Re8 7.Bg5 a6 8.Ba4 b5
9.Bb3 Be7 10.Ne2 d6 11.c3 Na5 12.Bc2 Nh5 13.Be3 f5 14.exf5 Bxf5 15.Ng3 
Nxg3 16.fxg3 Qd7 17.Qd2 c5 18.Rae1 Bf6 19.b4 cxb4 20.cxb4 Nc6 21.Bb3+ Be6 
22.Bxe6+ Qxe6 23.Bg5 Bxg5 24.Nxg5 Qg6 25.Ne4 Nd4 26.a3 Rac8 27.Rc1 Qe6 28.
Rxc8 Rxc8 29.Qg5 d5 30.Nc5 h6 31.Nxe6 hxg5 32.Nxd4 exd4 33.Rf5 Rc3 34.Rxd5
Rxd3 35.Rd6 Rxa3 36.Rxd4 Kh7 37.g4 Ra1+ 38.Kf2 Ra2+ 39.Kf3 Rb2 40.h3 Rb3+ 
41.Ke4 g6 42.Ke5 Rb2 43.g3 Rb3 44.h4 Rxg3 45.hxg5 Re3+ 46.Re4 Ra3 47.Kf6 
Rf3+ 48.Ke6 Ra3 49.Rf4 a5 50.bxa5 Rxa5 51.Rf7+ Kg8 52.Rb7 Kf8 53.Rb6 Kg7 
54.Rb7+ Kf8 55.Kf6 Ra6+ 56.Ke5 Ra5 1/2-1/2

[Event "38th WCh U20 Girls"]
[Site "Cala Gonone ITA"]
[Date "2022.10.16"]
[Round "6.27"]
[White "Daniilidi, Dimitra Lydia"]
[Black "Ishvi, Aggarwal"]
[Result "1-0"]
[WhiteElo "1498"]
[BlackElo "1964"]
[EventDate "2022.10.12"]
[PlyCount "73"]

1.e4 e5 2.Nf3 Nc6 3.d4 exd4 4.Nxd4 Nf6 5.Nc3 Bb4 6.Nxc6 bxc6 7.Bd3 O-O 8.
O-O d5 9.exd5 cxd5 10.h3 h6 11.Qf3 Be6 12.Bf4 c6 13.Ne2 Bd6 14.Rad1 Rb8 
15.b3 a5 16.c4 a4 17.Nd4 Bxf4 18.Qxf4 Qd7 19.Rfe1 axb3 20.axb3 c5 21.Nxe6 
fxe6 22.Qe5 Rb6 23.cxd5 exd5 24.Bf5 Qd6 25.Qc3 Rfb8 26.Rd3 d4 27.Qc4+ Kf8 
28.Rf3 Rb4 29.Qc2 Re8 30.Rxe8+ Kxe8 31.Rg3 Qe7 32.Qa2 Qb7 33.Qa5 Qb6 34.
Qa8+ Qb8 35.Qc6+ Kf7 36.Be6+ Kf8 37.Qxc5+ 1-0

[Event "38th WCh U20 Girls"]
[Site "Cala Gonone ITA"]
[Date "2022.10.16"]
[Round "6.28"]
[White "Gabbani, Sara"]
[Black "Saravanan, Durga"]
[Result "1-0"]
[WhiteElo "1944"]
[BlackElo "1736"]
[EventDate "2022.10.12"]
[PlyCount "123"]

1.e4 c5 2.Nf3 d6 3.Bb5+ Nd7 4.O-O a6 5.Bd3 Ngf6 6.c3 g6 7.Bc2 Bg7 8.d4 
cxd4 9.cxd4 e5 10.Nc3 O-O 11.a4 Qc7 12.Be3 b6 13.Qd2 Bb7 14.Rac1 Rac8 15.
Rfe1 Qb8 16.d5 Ne8 17.Bh6 Nc7 18.Qg5 f6 19.Qh4 Bxh6 20.Qxh6 Rf7 21.Re3 Rg7
22.Nh4 a5 23.Rg3 Ne8 24.Re1 Kf7 25.Bd1 Nf8 26.f4 exf4 27.Rf3 Qc7 28.Rf2 
Qe7 29.Nf3 Kg8 30.Qxf4 Nd7 31.Nd4 Nc5 32.Be2 Rf7 33.Ref1 Kg7 34.Qg4 Nc7 
35.Nf5+ Kf8 36.Nxe7 Kxe7 37.Qh4 Ne8 38.Bb5 Nd7 39.Ne2 Rd8 40.Nd4 Rc8 41.
Bxd7 Kxd7 42.Qh3+ Ke7 43.Qe6+ Kf8 44.Nb5 Rd8 45.Rxf6 Nxf6 46.Rxf6 Rxf6 47.
Qxf6+ Ke8 48.Nxd6+ Kd7 49.Nxb7 Re8 50.Qc6+ Ke7 51.d6+ Kf7 52.d7 Rf8 53.
d8=Q Rxd8 54.Nxd8+ Ke7 55.e5 Kxd8 56.e6 Ke7 57.Qd7+ Kf6 58.e7 Kg5 59.e8=Q 
Kh6 60.Qe3+ g5 61.Qee6+ Kh5 62.Qxh7# 1-0

[Event "38th WCh U20 Girls"]
[Site "Cala Gonone ITA"]
[Date "2022.10.16"]
[Round "6.29"]
[White "Malikova, Marjona"]
[Black "Gardiner, Noa Saxon"]
[Result "1-0"]
[WhiteElo "1830"]
[BlackElo "1266"]
[EventDate "2022.10.12"]
[PlyCount "55"]

1.d4 Nf6 2.c4 e6 3.Nf3 b6 4.g3 Bb7 5.Bg2 Be7 6.O-O O-O 7.Nc3 Ne4 8.d5 Nxc3
9.bxc3 exd5 10.cxd5 d6 11.e4 Bf6 12.Nd4 c5 13.dxc6 Ba6 14.Re1 Qc7 15.Bf4 
Be5 16.Nf5 Bxf4 17.gxf4 Rd8 18.Qd4 f6 19.Qd5+ Qf7 20.c7 Nd7 21.cxd8=Q+ 
Rxd8 22.Nxd6 Qxd5 23.exd5 Kf8 24.Bf1 Nc5 25.Bxa6 Nxa6 26.Nb5 Rxd5 27.Nxa7 
Nb8 28.Rad1 1-0

[Event "38th WCh U20 Girls"]
[Site "Cala Gonone ITA"]
[Date "2022.10.16"]
[Round "6.30"]
[White "Shaw, Laurie Ann"]
[Black "Georges, Lisa"]
[Result "1-0"]
[WhiteElo "1409"]
[BlackElo "1799"]
[EventDate "2022.10.12"]
[PlyCount "61"]

1.d4 Nf6 2.c4 c5 3.d5 e6 4.Nc3 exd5 5.cxd5 d6 6.e4 g6 7.Be2 Bg7 8.Nf3 Bg4 
9.O-O Bxf3 10.Bxf3 O-O 11.Qc2 a6 12.a4 Nbd7 13.Re1 Rb8 14.Be2 Qc7 15.h3 c4
16.a5 Rfe8 17.Bf4 b5 18.axb6 Rxb6 19.Be3 Rb4 20.Rxa6 Nc5 21.Rc6 Qb8 22.
Bxc5 dxc5 23.Rb1 Nd7 24.Bg4 Ne5 25.Rxc5 Nd3 26.Rc6 Bd4 27.Nd1 f5 28.Rxc4 
Rxe4 29.Rc8+ Qxc8 30.Qxc8+ Kf7 31.Bxf5 1-0

[Event "38th WCh U20 Girls"]
[Site "Cala Gonone ITA"]
[Date "2022.10.16"]
[Round "6.31"]
[White "Badenhorst, Chloe"]
[Black "Silvera, Pilar"]
[Result "1-0"]
[WhiteElo "1687"]
[BlackElo "1470"]
[EventDate "2022.10.12"]
[PlyCount "27"]

1.e4 c5 2.Nf3 d6 3.d4 cxd4 4.Nxd4 Nf6 5.Nc3 g6 6.f4 Bg7 7.e5 dxe5 8.fxe5 
Nfd7 9.e6 Ne5 10.exf7+ Kxf7 11.Be2 Rf8 12.O-O+ Kg8 13.Rxf8+ Kxf8 14.Ne6+ 
1-0

[Event "38th WCh U20 Girls"]
[Site "Cala Gonone ITA"]
[Date "2022.10.16"]
[Round "6.32"]
[White "Jacobsen, Shanne Hedegaard"]
[Black "Oliveira, Beatriz Correia"]
[Result "1-0"]
[WhiteElo "1412"]
[BlackElo "1538"]
[EventDate "2022.10.12"]
[PlyCount "95"]

1.d4 d5 2.c4 c6 3.Nf3 Nf6 4.Nc3 Bf5 5.cxd5 cxd5 6.Qb3 Bc8 7.Bf4 a6 8.e3 
Nc6 9.Ne5 e6 10.Rc1 Nh5 11.Nxc6 bxc6 12.Be5 f6 13.Bg3 g6 14.Bd3 Bd7 15.Qc2
Kf7 16.Qe2 Qb6 17.a3 Qa5 18.Qf3 Nxg3 19.fxg3 Rb8 20.O-O Be7 21.Qe2 Ra8 22.
Ra1 Rhb8 23.b4 Qb6 24.Na4 Qa7 25.Nc5 Bc8 26.e4 a5 27.exd5 cxd5 28.Rab1 
axb4 29.axb4 Qa3 30.Rb3 Qa7 31.Qf2 Qb6 32.Rfb1 Qc7 33.b5 Rb6 34.Rc3 Bd7 
35.Qe3 Qd8 36.Nxd7 Qxd7 37.Rbc1 Ra7 38.Rc6 Rab7 39.Be2 f5 40.Qh6 Bf6 41.
Qxh7+ Bg7 42.Rc8 Qe7 43.g4 Rd7 44.h4 g5 45.h5 Qf6 46.Qg8+ Ke7 47.Qe8+ Kd6 
48.R1c6+ 1-0

[Event "38th WCh U20 Girls"]
[Site "Cala Gonone ITA"]
[Date "2022.10.16"]
[Round "6.33"]
[White "Andhin, Chethanah"]
[Black "Velikova, Gabriela"]
[Result "0-1"]
[WhiteElo "1493"]
[BlackElo "1500"]
[EventDate "2022.10.12"]
[PlyCount "64"]

1.d4 d5 2.Bf4 c5 3.c3 Qb6 4.Qb3 Qxb3 5.axb3 cxd4 6.cxd4 Nc6 7.e3 Bf5 8.Bb5
e6 9.Nf3 Bxb1 10.Rxb1 Bb4+ 11.Ke2 f6 12.Ra1 Ne7 13.h4 O-O 14.Bd3 Ng6 15.
Bxg6 hxg6 16.g4 b5 17.g5 Na5 18.gxf6 gxf6 19.Rhg1 Kf7 20.Rac1 Rfc8 21.Nh2 
Nxb3 22.Rxc8 Rxc8 23.Ng4 Rc2+ 24.Kf3 Rxb2 25.Nh6+ Kg7 26.Ng4 Nd2+ 27.Kg3 
Ne4+ 28.Kf3 f5 29.Be5+ Kf8 30.Bg3 fxg4+ 31.Kxg4 Nxf2+ 32.Kg5 Nh3+ 0-1

[Event "38th WCh U20 Girls"]
[Site "Cala Gonone ITA"]
[Date "2022.10.18"]
[Round "7.1"]
[White "Beydullayeva, Govhar"]
[Black "Salimova, Nurgyul"]
[Result "1/2-1/2"]
[WhiteElo "2356"]
[BlackElo "2415"]
[EventDate "2022.10.12"]
[PlyCount "83"]

1.d4 d5 2.Nf3 Nf6 3.c4 c6 4.Nc3 dxc4 5.a4 Bf5 6.Ne5 Nbd7 7.Nxc4 Qc7 8.g3 
e5 9.dxe5 Nxe5 10.Bf4 Nfd7 11.Bg2 g5 12.Ne3 gxf4 13.Nxf5 O-O-O 14.Qc2 Nc5 
15.O-O fxg3 16.hxg3 a5 17.Rad1 Re8 18.Bh3 Kb8 19.f4 Nc4 20.e4 Qb6 21.Rf2 
Rg8 22.Bf1 Ne3 23.Nxe3 Rxg3+ 24.Ng2 Ne6 25.Kh2 Rg6 26.e5 Be7 27.Rd3 Reg8 
28.Ne4 Rh6+ 29.Rh3 Rxh3+ 30.Kxh3 Nd4 31.Qc3 Rg6 32.f5 Rh6+ 33.Kg3 Qd8 34.
Rf4 Rh1 35.Nd6 c5 36.Qxc5 Bh4+ 37.Rxh4 Rxh4 38.Nxh4 Qg5+ 39.Kf2 Qf4+ 40.
Ke1 Qxh4+ 41.Kd1 Qg4+ 42.Ke1 1/2-1/2

[Event "38th WCh U20 Girls"]
[Site "Cala Gonone ITA"]
[Date "2022.10.18"]
[Round "7.2"]
[White "Kamalidenova, Meruert"]
[Black "Serikbay, Assel"]
[Result "0-1"]
[WhiteElo "2376"]
[BlackElo "2181"]
[EventDate "2022.10.12"]
[PlyCount "100"]

1.e4 c5 2.Nf3 d6 3.d4 cxd4 4.Nxd4 Nf6 5.Nc3 a6 6.h3 e5 7.Nf3 Be7 8.g4 Nc6 
9.g5 Nd7 10.a4 Nc5 11.Be3 Be6 12.Qd2 Qa5 13.Bg2 b5 14.b4 Nxb4 15.O-O Qc7 
16.Rfb1 a5 17.Nxb5 Qc6 18.Bxc5 Qxc5 19.Ne1 O-O 20.Rc1 f6 21.Nd3 Qb6 22.g6 
hxg6 23.Nxb4 axb4 24.Qxb4 Ra5 25.Qc3 Rc8 26.Qd2 Rca8 27.Qb4 Kf7 28.c4 Qc5 
29.Qb3 Rc8 30.Bf1 f5 31.exf5 gxf5 32.Qd3 e4 33.Qg3 Qe5 34.f4 Qc5+ 35.Kh1 
Rh8 36.Rd1 Rha8 37.Nd4 Bf6 38.Nxe6 Kxe6 39.Rab1 Qc6 40.Rb5 Rxb5 41.axb5 
Qc5 42.Rd5 Qa3 43.Qg2 Qc1 44.b6 Qxf4 45.Rd1 g5 46.Be2 Qe3 47.b7 Rb8 48.Rb1
g4 49.h4 Rh8 50.Qh2 Be5 0-1

[Event "38th WCh U20 Girls"]
[Site "Cala Gonone ITA"]
[Date "2022.10.18"]
[Round "7.3"]
[White "Kurmangaliyeva, Liya"]
[Black "Urh, Zala"]
[Result "1/2-1/2"]
[WhiteElo "2199"]
[BlackElo "2221"]
[EventDate "2022.10.12"]
[PlyCount "142"]

1.d4 Nf6 2.c4 g6 3.f3 c5 4.d5 d6 5.Nc3 e6 6.e4 exd5 7.cxd5 a6 8.a4 Bg7 9.
Bg5 h6 10.Be3 O-O 11.Qd2 Kh7 12.Be2 Nbd7 13.Nh3 Ne5 14.Nf2 Re8 15.h3 Qe7 
16.g4 Ng8 17.h4 Rb8 18.f4 Nd7 19.h5 Nf8 20.g5 Bd7 21.gxh6 Bh8 22.a5 b5 23.
axb6 Rxb6 24.Bd3 Reb8 25.Ra2 Rb4 26.Nh3 Bxh3 27.Rxh3 Nf6 28.hxg6+ fxg6 29.
Qg2 Qb7 30.Bxa6 Qb6 31.Bd3 Rxb2 32.Rxb2 Qxb2 33.Qxb2 Rxb2 34.Bd2 N8d7 35.
Rg3 Nh5 36.Rg4 Ndf6 37.Rg5 c4 38.Bxc4 Nd7 39.e5 dxe5 40.f5 Nf4 41.fxg6+ 
Kxh6 42.Rg2 Bf6 43.g7 Bxg7 44.Bd3 Nc5 45.Bf5 Rb6 46.Rg4 Rf6 47.Bc2 Bf8 48.
Ne2 Kh5 49.Rg8 Nfd3+ 50.Bxd3 Nxd3+ 51.Kd1 Nf2+ 52.Kc2 Ne4 53.Kd3 Nxd2 54.
Kxd2 Bh6+ 55.Kd3 Rf3+ 56.Kc4 Bf8 57.Kb5 Kh6 58.Kc6 Kh7 59.Rg5 Rf6+ 60.Kb5 
Bd6 61.Ng3 Rf4 62.Kc6 Bb8 63.Nf5 e4 64.Kb7 Be5 65.Ng3 Bf6 66.Rf5 Rxf5 67.
Nxf5 Kg6 68.Ng3 e3 69.d6 Kf7 70.Kc8 Ke6 71.d7 Kf7 1/2-1/2

[Event "38th WCh U20 Girls"]
[Site "Cala Gonone ITA"]
[Date "2022.10.18"]
[Round "7.4"]
[White "Hrebenshchykova, Yelyzaveta"]
[Black "Schneider, Jana"]
[Result "1-0"]
[WhiteElo "2268"]
[BlackElo "2331"]
[EventDate "2022.10.12"]
[PlyCount "155"]

1.e4 e5 2.Nf3 Nc6 3.Bb5 a6 4.Ba4 Nf6 5.d3 d6 6.c3 g6 7.O-O Bg7 8.Re1 O-O 
9.h3 b5 10.Bc2 Nb8 11.a4 Bb7 12.Na3 Nbd7 13.Bg5 c6 14.d4 Re8 15.Qd2 Nb6 
16.b3 Qe7 17.Nh2 Qf8 18.Ng4 Nxg4 19.hxg4 exd4 20.cxd4 c5 21.axb5 Bxd4 22.
Rad1 d5 23.bxa6 Bxa6 24.exd5 Nxd5 25.Rxe8 Rxe8 26.Re1 Rb8 27.Nb1 Qc8 28.
Be4 Nf6 29.Bxf6 Bxf6 30.Qf4 Rb6 31.g5 Bd4 32.Nd2 Qb8 33.Qh4 Bc3 34.Bd5 Rb4
35.Qh3 Bg7 36.Qd7 Bb5 37.Qxf7+ Kh8 38.Re7 Qf8 39.Ra7 Qxf7 40.Bxf7 Bf8 41.
Bc4 Bxc4 42.bxc4 Kg8 43.Ne4 Bg7 44.Nxc5 Bd4 45.Ra8+ Kf7 46.Ne4 Be5 47.Ra7+
Ke6 48.g3 Rxc4 49.Nd2 Rc1+ 50.Kg2 Bc7 51.Nb3 Rc4 52.Nd2 Rc2 53.Ra6+ Kd5 
54.Nf1 Ke4 55.Ne3 Rc5 56.Re6+ Re5 57.Rc6 Re7 58.Rc4+ Kd3 59.Rh4 Re5 60.
Rxh7 Bb6 61.Rd7+ Bd4 62.Rd5 Ke4 63.Rxe5+ Bxe5 64.Ng4 Bc7 65.Nh6 Bd8 66.f4 
Be7 67.Kh3 Kf3 68.Nf7 Bc5 69.Ne5+ Ke4 70.Kg4 Kd5 71.Nxg6 Ke6 72.f5+ Kf7 
73.Nf4 Bf2 74.f6 Be1 75.Kf5 Bxg3 76.g6+ Ke8 77.f7+ Ke7 78.Ne6 1-0

[Event "38th WCh U20 Girls"]
[Site "Cala Gonone ITA"]
[Date "2022.10.18"]
[Round "7.5"]
[White "Mkrtchian, Mariam"]
[Black "Kucharska, Honorata"]
[Result "1-0"]
[WhiteElo "2374"]
[BlackElo "2179"]
[EventDate "2022.10.12"]
[PlyCount "97"]

1.d4 d5 2.c4 e6 3.Nf3 Nf6 4.Nc3 Be7 5.Bf4 O-O 6.e3 c6 7.Bd3 Nbd7 8.O-O b6 
9.cxd5 exd5 10.h3 Bb7 11.Rc1 a6 12.Ne5 c5 13.Qf3 Re8 14.Rfe1 Nf8 15.g4 Bd6
16.g5 Bxe5 17.Bxe5 N6d7 18.Bf4 cxd4 19.exd4 Ne6 20.Qg3 Ndf8 21.Be3 Rc8 22.
a4 Qe7 23.f4 Qd6 24.Kh2 Nd8 25.f5 Qb4 26.Re2 Qb3 27.Bb1 Nc6 28.Ba2 Qb4 29.
Nxd5 Qxa4 30.Nf6+ Kh8 31.Nxe8 Rxe8 32.Bxf7 Re7 33.Be6 Nxe6 34.fxe6 Qb5 35.
Qf2 Re8 36.Rf1 Ne7 37.Bf4 Rf8 38.Qe1 Ng6 39.Be5 Re8 40.Bxg7+ Kg8 41.Rf7 
Rxe6 42.Rxe6 Kxf7 43.Bf6 Qd5 44.Re2 Bc6 45.Rf2 Kg8 46.Kg3 Qb3+ 47.Qc3 Qd5 
48.Rc2 Bb7 49.Qc4 1-0

[Event "38th WCh U20 Girls"]
[Site "Cala Gonone ITA"]
[Date "2022.10.18"]
[Round "7.6"]
[White "Ouellet, Maili-Jade"]
[Black "Schulze, Lara"]
[Result "1/2-1/2"]
[WhiteElo "2177"]
[BlackElo "2266"]
[EventDate "2022.10.12"]
[PlyCount "85"]

1.d4 d5 2.c4 e6 3.Nc3 c5 4.e3 Nf6 5.Nf3 Nc6 6.a3 a6 7.dxc5 Bxc5 8.b4 Ba7 
9.Bb2 O-O 10.Qc2 Bd7 11.cxd5 exd5 12.Qd2 Bg4 13.Ne2 Bxf3 14.gxf3 d4 15.
Nxd4 Nxd4 16.Bxd4 Bxd4 17.Qxd4 Qxd4 18.exd4 Rfe8+ 19.Kd2 Rad8 20.Kc3 Re6 
21.Rd1 Nd5+ 22.Kb3 Rf6 23.Be2 Nf4 24.Rhe1 Kf8 25.a4 Rh6 26.Bd3 Nxd3 27.
Rxd3 Rxh2 28.Rd2 Rh5 29.a5 g6 30.Kc4 Rc8+ 31.Kb3 Rd5 32.f4 Rcd8 33.Kc4 f6 
34.Re6 Kf7 35.Rb6 R5d7 36.d5 h5 37.Re2 Kg7 38.Ree6 Rf8 39.Re3 Rc8+ 40.Kd4 
Rcd8 41.Ke4 Rc8 42.Kf3 Rcd8 43.Ke4 1/2-1/2

[Event "38th WCh U20 Girls"]
[Site "Cala Gonone ITA"]
[Date "2022.10.18"]
[Round "7.7"]
[White "Nurgali, Nazerke"]
[Black "Rudzinska, Michalina"]
[Result "0-1"]
[WhiteElo "2169"]
[BlackElo "2259"]
[EventDate "2022.10.12"]
[PlyCount "96"]

1.d4 Nf6 2.c4 e6 3.g3 c5 4.d5 exd5 5.cxd5 d6 6.Nc3 g6 7.Bg2 Bg7 8.Nf3 O-O 
9.O-O Re8 10.Re1 a6 11.a4 Nbd7 12.Bf4 Ng4 13.h3 Nge5 14.Nd2 Rb8 15.a5 b5 
16.axb6 Nxb6 17.Qc2 Nbc4 18.Nxc4 Nxc4 19.Ne4 Ne5 20.Ra2 Bf5 21.Bd2 Qd7 22.
g4 Bxe4 23.Bxe4 h5 24.gxh5 Qxh3 25.hxg6 Qg4+ 26.Bg2 Nxg6 27.Ra4 Rb4 28.
Rxb4 cxb4 29.f3 Qg3 30.Qc4 Nh4 31.Qg4 Qxg4 32.fxg4 Nxg2 33.Kxg2 a5 34.b3 
a4 35.bxa4 b3 36.Kf3 b2 37.e3 Rb8 38.Rb1 Rb3 39.Ke2 Ra3 40.Kd1 Rxa4 41.g5 
Kh7 42.Kc2 Kg6 43.Kb3 Ra1 44.Rxb2 Bxb2 45.Kxb2 Ra4 46.Kb3 Re4 47.Bb4 Rxe3+
48.Kc2 Re5 0-1

[Event "38th WCh U20 Girls"]
[Site "Cala Gonone ITA"]
[Date "2022.10.18"]
[Round "7.8"]
[White "Altantuya, Boldbaatar"]
[Black "Hajiyeva, Laman"]
[Result "0-1"]
[WhiteElo "2223"]
[BlackElo "2138"]
[EventDate "2022.10.12"]
[PlyCount "74"]

1.d4 d5 2.c4 c6 3.Nc3 Nf6 4.e3 e6 5.Nf3 Nbd7 6.Bd3 dxc4 7.Bxc4 b5 8.Bd3 b4
9.Ne4 Nxe4 10.Bxe4 Bb7 11.Bd2 Qb6 12.O-O Be7 13.Rc1 Rc8 14.Bb1 c5 15.dxc5 
Bxc5 16.Ne1 O-O 17.Nd3 Bd6 18.Qh5 Nf6 19.Qh4 Be4 20.Rcd1 Rfd8 21.Bc1 b3 
22.axb3 Qxb3 23.Rd2 Be7 24.Nc5 Rxc5 25.Rxd8+ Bxd8 26.Bxe4 g5 27.Bxh7+ Nxh7
28.Qd4 Qd5 29.Qa4 Qc6 30.Qa1 Rc2 31.b4 Bf6 32.Qb1 Be5 33.b5 Qc7 34.h3 Nf6 
35.Ba3 Ne4 36.f4 Qc3 37.Qb4 Qxe3+ 0-1

[Event "38th WCh U20 Girls"]
[Site "Cala Gonone ITA"]
[Date "2022.10.18"]
[Round "7.9"]
[White "Koubova, Anna Marie"]
[Black "Vanduyfhuys, Daria"]
[Result "1-0"]
[WhiteElo "2089"]
[BlackElo "2073"]
[EventDate "2022.10.12"]
[PlyCount "77"]

1.d4 Nf6 2.c4 e6 3.Nc3 Bb4 4.e3 O-O 5.Bd2 Re8 6.Bd3 d5 7.Nf3 b6 8.cxd5 
exd5 9.O-O Bg4 10.Qa4 Bd6 11.Nb5 Bxf3 12.Nxd6 Qxd6 13.gxf3 Nbd7 14.Rac1 c5
15.Bb1 Qe6 16.dxc5 Ne5 17.Kg2 Nc4 18.Bc3 bxc5 19.Qc2 Ne5 20.Qf5 Qd6 21.f4 
Ned7 22.Rfd1 Qc6 23.Kg1 Re6 24.b4 c4 25.Rd2 h6 26.Rcd1 g6 27.Qh3 Kh7 28.f5
Ree8 29.fxg6+ fxg6 30.e4 Nxe4 31.Bxe4 Rxe4 32.Rxd5 Nb6 33.Rd7+ Nxd7 34.
Rxd7+ Kg8 35.Rg7+ Kf8 36.Qf3+ Ke8 37.Qf7+ Kd8 38.Bf6+ Kc8 39.Rg8+ 1-0

[Event "38th WCh U20 Girls"]
[Site "Cala Gonone ITA"]
[Date "2022.10.18"]
[Round "7.10"]
[White "Goltseva, Ekaterina"]
[Black "Olde, Grete"]
[Result "1-0"]
[WhiteElo "2300"]
[BlackElo "1862"]
[EventDate "2022.10.12"]
[PlyCount "43"]

1.d4 d5 2.c4 e6 3.Nc3 Nf6 4.Bg5 Be7 5.e3 O-O 6.Nf3 Nbd7 7.Rc1 c6 8.Bd3 Re8
9.O-O Nf8 10.Ne5 Ng6 11.f4 c5 12.Bxf6 Bxf6 13.Bxg6 hxg6 14.dxc5 Qc7 15.
cxd5 Qxc5 16.Qf3 Qa5 17.d6 Rd8 18.Ne4 Bd7 19.Rc7 Bb5 20.Qh3 Be8 21.Nxg6 
fxg6 22.Nxf6+ 1-0

[Event "38th WCh U20 Girls"]
[Site "Cala Gonone ITA"]
[Date "2022.10.18"]
[Round "7.11"]
[White "Gomez Barrera, Javiera Belen"]
[Black "Kanyamarala, Trisha"]
[Result "1/2-1/2"]
[WhiteElo "2219"]
[BlackElo "2174"]
[EventDate "2022.10.12"]
[PlyCount "79"]

1.e4 c5 2.Nf3 d6 3.d4 cxd4 4.Nxd4 Nf6 5.Nc3 Nc6 6.Bg5 e6 7.Qd2 a6 8.O-O-O 
Be7 9.f3 Nxd4 10.Qxd4 b5 11.h4 Bb7 12.Kb1 Rc8 13.Rh3 Qc7 14.Qd2 h6 15.Be3 
d5 16.e5 Nd7 17.f4 Nb6 18.Bxb6 Qxb6 19.Ne2 Bc5 20.Nd4 Qc7 21.Rd3 h5 22.g3 
g6 23.Bh3 Qb6 24.Nb3 Be7 25.Rc3 Rc4 26.Rd3 Bb4 27.Qe2 a5 28.Nd2 Rc8 29.Nf3
Be7 30.Nd4 b4 31.R3d2 Ba6 32.Qf3 a4 33.Bf1 a3 34.Bxa6 Qxa6 35.Qd3 Qb6 36.
Qb5+ Qxb5 37.Nxb5 axb2 38.Kxb2 Kd7 39.Nd4 Rc7 40.Nb5 1/2-1/2

[Event "38th WCh U20 Girls"]
[Site "Cala Gonone ITA"]
[Date "2022.10.18"]
[Round "7.12"]
[White "Bucur, Denisa-Andreea"]
[Black "Jarocka, Liwia"]
[Result "0-1"]
[WhiteElo "1946"]
[BlackElo "2089"]
[EventDate "2022.10.12"]
[PlyCount "144"]

1.d4 Nf6 2.c4 e6 3.Nf3 d5 4.Nc3 c6 5.Bg5 Nbd7 6.cxd5 exd5 7.e3 Be7 8.Bd3 
O-O 9.O-O Re8 10.Qc2 h6 11.Bh4 Ne4 12.Bxe7 Qxe7 13.Rab1 Nb6 14.Ne5 Bf5 15.
b4 f6 16.Nf3 Nxc3 17.Qxc3 Bxd3 18.Qxd3 a6 19.Nd2 Nc8 20.a4 Nd6 21.Rfc1 
Rac8 22.h3 Qf7 23.Qa3 Qe6 24.Re1 Rc7 25.Nb3 Qe7 26.Nc5 Qf7 27.Nd3 Rd7 28.
Qc3 g5 29.Rb2 h5 30.Rbe2 Rde7 31.Qc2 Qg7 32.Kh2 Ne4 33.g3 Qh7 34.Kg2 Nd6 
35.Qb1 Nf5 36.Qb2 Nxg3 37.Kxg3 Qxd3 38.Qc2 h4+ 39.Kg2 Qe4+ 40.Qxe4 Rxe4 
41.f3 R4e7 42.Kf2 Kf7 43.b5 cxb5 44.axb5 Rc8 45.bxa6 bxa6 46.Ra1 Re6 47.
Ra5 Rd6 48.Rea2 Rcc6 49.R5a4 f5 50.Rb4 Rb6 51.Rxb6 Rxb6 52.Ra5 Ke6 53.Kg2 
Rd6 54.Kf2 f4 55.exf4 gxf4 56.Rc5 Rb6 57.Rc8 a5 58.Ra8 Rb2+ 59.Kg1 Ra2 60.
Ra6+ Kd7 61.Rf6 a4 62.Rxf4 a3 63.Rf7+ Ke6 64.Ra7 Kf5 65.Rf7+ Kg6 66.Ra7 
Kg5 67.Ra5 Kf4 68.Rxd5 Rb2 69.Ra5 a2 70.d5 Rb1+ 71.Kf2 a1=Q 72.Rxa1 Rxa1 
0-1

[Event "38th WCh U20 Girls"]
[Site "Cala Gonone ITA"]
[Date "2022.10.18"]
[Round "7.13"]
[White "Le Thuy An"]
[Black "Djidjeli, Sarah"]
[Result "1-0"]
[WhiteElo "1728"]
[BlackElo "2082"]
[EventDate "2022.10.12"]
[PlyCount "57"]

1.e4 c5 2.Nf3 Nc6 3.d4 cxd4 4.Nxd4 e5 5.Nb5 d6 6.c4 Be6 7.N1c3 a6 8.Na3 g6
9.Nc2 Bg7 10.Be3 Rc8 11.Qd2 Nf6 12.Rd1 Na5 13.b3 b5 14.cxb5 Qc7 15.Nd5 
Qxc2 16.Qxa5 Nxd5 17.exd5 e4 18.Rc1 Qb2 19.Bc4 axb5 20.Bxb5+ Ke7 21.Bg5+ 
Bf6 22.Rc7+ Kf8 23.Bh6+ Kg8 24.Rxc8+ Bxc8 25.O-O e3 26.fxe3 Qe5 27.Qc7 Qc3
28.Qxc3 Bxc3 29.Rc1 1-0

[Event "38th WCh U20 Girls"]
[Site "Cala Gonone ITA"]
[Date "2022.10.18"]
[Round "7.14"]
[White "Malicka, Maria"]
[Black "Cassi, Elisa"]
[Result "1-0"]
[WhiteElo "2327"]
[BlackElo "1965"]
[EventDate "2022.10.12"]
[PlyCount "157"]

1.e4 e5 2.Nf3 Nc6 3.Bb5 a6 4.Ba4 Nf6 5.O-O Be7 6.Re1 b5 7.Bb3 O-O 8.d4 d6 
9.c3 Bg4 10.Be3 exd4 11.cxd4 Na5 12.Bc2 c5 13.h3 Bh5 14.d5 Nd7 15.g4 Bg6 
16.Nbd2 Bf6 17.Rb1 Re8 18.Nh2 Rc8 19.f4 h6 20.Nhf3 c4 21.f5 Bh7 22.Nf1 Nb7
23.Ng3 Nbc5 24.Kg2 b4 25.Bf4 Be5 26.Nxe5 Nxe5 27.Bxe5 Rxe5 28.Qd4 a5 29.
Rbc1 b3 30.axb3 cxb3 31.Bd3 Re8 32.Bb5 Re5 33.Re3 g6 34.Rec3 Qf6 35.Rf1 
Qg5 36.Bc6 gxf5 37.Rxc5 fxg4 38.Rc3 gxh3+ 39.Kxh3 h5 40.Qf2 Qg4+ 41.Kh2 
Bg6 42.Qf4 Bxe4 43.Qxg4+ hxg4 44.Nxe4 Rxe4 45.Rxb3 Kg7 46.Rb7 Rh8+ 47.Kg2 
Re2+ 48.Kg3 Kg6 49.Rfxf7 Rxb2 50.Rg7+ Kf6 51.Rxb2 Kxg7 52.Ra2 Kf6 53.Kxg4 
Ke5 54.Rxa5 Rf8 55.Ra1 Rf4+ 56.Kg5 Rf5+ 57.Kg6 Rf2 58.Re1+ Kd4 59.Re6 Kc5 
60.Rf6 Re2 61.Kf7 Re1 62.Rf5 Re2 63.Bd7 Ra2 64.Ke7 Ra7 65.Kd8 Ra8+ 66.Kc7 
Ra7+ 67.Kc8 Kb6 68.Be6 Ra8+ 69.Kd7 Kc5 70.Rf1 Ra7+ 71.Kc8 Rh7 72.Bf7 Rg7 
73.Kd7 Rh7 74.Ke7 Rg7 75.Ke6 Rh7 76.Bg6 Rg7 77.Rc1+ Kd4 78.Bf5 Rg5 79.Rc6 
1-0

[Event "38th WCh U20 Girls"]
[Site "Cala Gonone ITA"]
[Date "2022.10.18"]
[Round "7.15"]
[White "Gombocz, Zsofia"]
[Black "Dejanovic, Tereza"]
[Result "1-0"]
[WhiteElo "2118"]
[BlackElo "1943"]
[EventDate "2022.10.12"]
[PlyCount "95"]

1.e4 c5 2.Nf3 d6 3.Bb5+ Nd7 4.d4 cxd4 5.Qxd4 a6 6.Bxd7+ Bxd7 7.O-O e5 8.
Qd3 h6 9.c4 b5 10.Nc3 bxc4 11.Qxc4 Nf6 12.a4 Be7 13.a5 O-O 14.Be3 Qb8 15.
Bb6 Rc8 16.Qd3 Bc6 17.Rfe1 Nd7 18.Be3 Qb7 19.Nd2 Rab8 20.f3 Rc7 21.Red1 
Rbc8 22.Nc4 Bb5 23.Nxb5 Qxb5 24.Nxd6 Qxd3 25.Rxd3 Rb8 26.Nf5 Bf8 27.Rad1 
Nc5 28.Rd8 Rxd8 29.Rxd8 Ne6 30.Ra8 Rb7 31.Bb6 Rd7 32.Ne3 Rd2 33.Nc4 Rd1+ 
34.Kf2 Kh7 35.Rxa6 f6 36.Ra8 Bb4 37.a6 Nf4 38.Ba5 Bc5+ 39.Ne3 Rc1 40.g3 
Nd3+ 41.Ke2 Nxb2 42.a7 Bxe3 43.Kxe3 Nc4+ 44.Ke2 Nxa5 45.Re8 Rc2+ 46.Kd1 
Ra2 47.a8=Q Ra1+ 48.Kc2 1-0

[Event "38th WCh U20 Girls"]
[Site "Cala Gonone ITA"]
[Date "2022.10.18"]
[Round "7.16"]
[White "Radikovic, Anamarija"]
[Black "Popovic, Mateja"]
[Result "1/2-1/2"]
[WhiteElo "2112"]
[BlackElo "1718"]
[EventDate "2022.10.12"]
[PlyCount "115"]

1.e4 c5 2.Nc3 Nc6 3.Bb5 e6 4.Bxc6 bxc6 5.d3 Be7 6.f4 Nf6 7.e5 Nd5 8.Ne4 d6
9.c4 Nb6 10.exd6 Bxd6 11.Be3 Qe7 12.Nf3 Bb7 13.a4 Nd7 14.Qb3 Rb8 15.Qa3 
O-O 16.O-O Ba6 17.b3 Rb4 18.Ne5 Bxe5 19.fxe5 Rfb8 20.Rab1 f6 21.exf6 gxf6 
22.Nxf6+ Nxf6 23.Bg5 Qd7 24.Bxf6 Qxd3 25.Qc1 Rxb3 26.Rxb3 Rxb3 27.Qg5+ Qg6
28.Qd2 Qd3 29.Qg5+ Qg6 30.Qxc5 Rb1 31.Qd4 Rxf1+ 32.Kxf1 Bxc4+ 33.Ke1 Bd5 
34.g3 c5 35.Qf4 Qe4+ 36.Qxe4 Bxe4 37.Kd2 Kf7 38.Be5 Kg6 39.Ke3 Bc2 40.Bb8 
Bxa4 41.Bxa7 c4 42.Bd4 Kf5 43.h3 h5 44.Bc3 Bc2 45.Bd4 Bd3 46.Bc3 Bf1 47.
g4+ hxg4 48.hxg4+ Kxg4 49.Ke4 Bg2+ 50.Ke5 Bd5 51.Kd4 Kf3 52.Bd2 Ke2 53.Bb4
Kd1 54.Ba5 Kc2 55.Bb4 Kb3 56.Be1 Ka4 57.Bd2 Kb5 58.Be1 1/2-1/2

[Event "38th WCh U20 Girls"]
[Site "Cala Gonone ITA"]
[Date "2022.10.18"]
[Round "7.17"]
[White "Sebastian, Mhage Gerriahlou"]
[Black "Aydin, Gulenay"]
[Result "1/2-1/2"]
[WhiteElo "1865"]
[BlackElo "2109"]
[EventDate "2022.10.12"]
[PlyCount "61"]

1.e4 c6 2.d4 d5 3.exd5 cxd5 4.Bd3 Nc6 5.c3 Nf6 6.h3 g6 7.Nf3 Bf5 8.O-O 
Bxd3 9.Qxd3 Bg7 10.Bf4 O-O 11.Nbd2 Rc8 12.Rfe1 Re8 13.Ne5 Nd7 14.Qb5 Ncxe5
15.dxe5 Nc5 16.Nf3 a6 17.Qe2 Ne6 18.Bg3 Qa5 19.Red1 Red8 20.Nd4 Nxd4 21.
Rxd4 b5 22.a3 Rc4 23.Rad1 Rxd4 24.Rxd4 Qb6 25.Qg4 h5 26.Qe2 Qc6 27.Qd3 Kh7
28.Rh4 Kg8 29.Rd4 Kh7 30.Rh4 Kg8 31.Rd4 1/2-1/2